| 000 | nam a22 a 4500 | ||
|---|---|---|---|
| 999 |
_c841 _d841 |
||
| 003 | AKMAL | ||
| 005 | 20170505143839.0 | ||
| 008 | 170505s1994 my 00 may d | ||
| 020 |
_a9676900400 (kkt.): _cRM 8.50 |
||
| 040 | _aAKMAL | ||
| 082 | 0 | 4 | _a297.1225 KIS |
| 090 |
_a297.1225 _bKIS |
||
| 100 | 1 |
_aAsy-Syal, Jabir _91821 |
|
| 245 | 1 | 0 |
_aKisah wanita dalam Al-Quran / _cJabir Asy-Syal ; adaptasi/editor Zulkifilee Yazid |
| 260 |
_aBatu Caves : _bThinker's Library, _c1994 |
||
| 300 |
_avii, 172ms. ; _c21cm |
||
| 500 | _aTajuk asal: qishashun nisa' fi Al-Quran al-Karim | ||
| 650 |
_aWomen in the Koran _91822 |
||
| 700 | 0 |
_aZulkifilee Yazid _91118 |
|
| 942 |
_2ddc _cBOOK |
||